<?xml version='1.0' encoding='UTF-8'?>
  <record xmlns="http://www.loc.gov/MARC21/slim">
    <leader>00000ctm a2200000 a 4500</leader>
    <controlfield tag="001">ocn965420501</controlfield>
    <controlfield tag="003">OCoLC</controlfield>
    <controlfield tag="005">20250709033222.8</controlfield>
    <controlfield tag="008">150311q14651485ne            000 0 lat d</controlfield>
    <datafield tag="040" ind1=" " ind2=" ">
      <subfield code="a">QGJ</subfield>
      <subfield code="b">dut</subfield>
      <subfield code="c">QGJ</subfield>
      <subfield code="d">OCLCL</subfield>
      <subfield code="d">QGJ</subfield>
      <subfield code="d">OCLCQ</subfield>
    </datafield>
    <datafield tag="035" ind1=" " ind2=" ">
      <subfield code="a">(OCoLC)965420501</subfield>
    </datafield>
    <datafield tag="041" ind1="1" ind2=" ">
      <subfield code="a">lat</subfield>
      <subfield code="a">lat</subfield>
      <subfield code="h">grc</subfield>
    </datafield>
    <datafield tag="100" ind1="0" ind2=" ">
      <subfield code="a">Simon Ianuensis.</subfield>
      <subfield code="4">aut</subfield>
    </datafield>
    <datafield tag="245" ind1="1" ind2="0">
      <subfield code="a">Synonyma medica extracta e libro Simonis de Janua.</subfield>
      <subfield code="f">UBU Hs. 695 (Hs 4 D 4).</subfield>
    </datafield>
    <datafield tag="260" ind1=" " ind2=" ">
      <subfield code="a">[Hoorn] ;</subfield>
      <subfield code="a">[Utrecht].</subfield>
      <subfield code="c">[1465-1485]</subfield>
    </datafield>
    <datafield tag="300" ind1=" " ind2=" ">
      <subfield code="a">247 fol. ;</subfield>
      <subfield code="c">290 x 215 mm.</subfield>
    </datafield>
    <datafield tag="336" ind1=" " ind2=" ">
      <subfield code="a">text</subfield>
      <subfield code="b">txt</subfield>
      <subfield code="2">rdacontent</subfield>
    </datafield>
    <datafield tag="337" ind1=" " ind2=" ">
      <subfield code="a">unmediated</subfield>
      <subfield code="b">n</subfield>
      <subfield code="2">rdamedia</subfield>
    </datafield>
    <datafield tag="338" ind1=" " ind2=" ">
      <subfield code="a">volume</subfield>
      <subfield code="b">nc</subfield>
      <subfield code="2">rdacarrier</subfield>
    </datafield>
    <datafield tag="340" ind1=" " ind2=" ">
      <subfield code="a">paper.</subfield>
    </datafield>
    <datafield tag="500" ind1=" " ind2=" ">
      <subfield code="a">Preliminary title.</subfield>
    </datafield>
    <datafield tag="500" ind1=" " ind2=" ">
      <subfield code="a">Parts of the manuscript seems to have been copied in Hoorn (colophons on fol. 121 and 246) and in Utrecht (54v).</subfield>
    </datafield>
    <datafield tag="500" ind1=" " ind2=" ">
      <subfield code="a">Dates based on colophons on fol. 54v, fol. 78v, fol. 121 and fol. 246.</subfield>
    </datafield>
    <datafield tag="500" ind1=" " ind2=" ">
      <subfield code="a">Contains also: Antidotarium / Johannes Mesuae; Introductorium juvenum practicam noviter incipientium / Johannes de Tornamira; Dicta super fen primo quarti Avicennae de febribus / Gentilis [de Fulgineo]; Quaestiones super antidotario Nicolai [Falcutii]; Expositio literalis super Tegni Galeni; Quaestiones super librum Aristotelis de anima; Quaestiones nonnullae de febribus; Tegni / Claudius Galenus; Prognostica / Hippocrates; Aphorismi / Hippocrates; Regimen acutorum / Hippocrates; Commentarius in Hippocratis Aphorismos; Expositio 21 fen III Avicennae super capitulum de confectione embryonis / Jacobus de Forlivio.</subfield>
    </datafield>
    <datafield tag="500" ind1=" " ind2=" ">
      <subfield code="a">Antidotarium problably written by a Italian physician living in the 11th or 12th century, who wrote under the false name of Mesu©♭, the Latin transcription of the name of the famous Arab physician of the 9th century Y¿±ı̀Æannā Ibn Māsawaih and therefor sometimes denoted as "Pseudo-Mesu©♭" or "Mesu©♭ Junior".</subfield>
    </datafield>
    <datafield tag="524" ind1=" " ind2=" ">
      <subfield code="a">Cite as: Universiteitsbibliotheek Utrecht Hs. 695 (Hs 4 D 4).</subfield>
    </datafield>
    <datafield tag="581" ind1=" " ind2=" ">
      <subfield code="a">P.A. Tiele, Catalogus codicum manu scriptorum Bibliothecae Universitatis Rheno-Trajectinae. I. Trajecti ad Rhenum / Hagae Comitis 1887. P. 182-183.</subfield>
    </datafield>
    <datafield tag="581" ind1=" " ind2=" ">
      <subfield code="a">P. Kibre, 'Hippocrates Latinus: repertorium of Hippocratic writings in the Latin Middle Ages (II)', in: Traditio 32 (1976). P. 278 (fol. 114-121).</subfield>
    </datafield>
    <datafield tag="581" ind1=" " ind2=" ">
      <subfield code="a">L.M. de Rijk &amp; O. Weijers, Repertorium commentariorum medii aevi in Aristotelem latinorum quae in bibliothecis publicis Neerlandicis asservantur. Amsterdam etc. 1981. (= Koninklijke Nederlandse Akademie van Wetenschappen, Afdeling Letterkunde, Verhandelingen, N.R. 109. P. 5.</subfield>
    </datafield>
    <datafield tag="581" ind1=" " ind2=" ">
      <subfield code="a">J.P. Gumbert, Manuscrits datés conservés dans les Pays-Bas. Vol. 2: Les manuscrits d'origine néerlandaise (XIVe-XVIe siècles) et Suppl. au tome premier. Leiden etc. 1988. P. 209-210 nr. 710-711, pl. 768b, 751b.</subfield>
    </datafield>
    <datafield tag="581" ind1=" " ind2=" ">
      <subfield code="a">P.O. Kristeller, Iter Italicum. Accedunt alia itinera. A finding list of uncatalogued or incompletely catalogued humanistic manuscripts of the Renaissance in Italian and other libraries IV (alia itinera II): Great Britain to Spain. London etc. 1989. P. 382.</subfield>
    </datafield>
    <datafield tag="581" ind1=" " ind2=" ">
      <subfield code="a">B. Jaski, 'Een codicologische queeste naar de oudste handschriften en handschriftfragmenten uit de bibliotheek van de Paulusabdij', in: De nalatenschap van de Paulusabdij in Utrecht. Red. H. van Engen &amp; K. van Vliet. Hilversum 2012, p. 103-169 (= Middeleeuwse studies en bronnen 130). P. 153, 164.</subfield>
    </datafield>
    <datafield tag="600" ind1="1" ind2="4">
      <subfield code="a">Ibn S♯±nā, al-ı̀Þusayn b. ʿAbd Allāh,</subfield>
      <subfield code="d">ca. 980-1037.</subfield>
    </datafield>
    <datafield tag="600" ind1="1" ind2="4">
      <subfield code="a">Galenus, Claudius.</subfield>
      <subfield code="t">Ars parva.</subfield>
    </datafield>
    <datafield tag="600" ind1="0" ind2="4">
      <subfield code="a">Aristoteles.</subfield>
      <subfield code="t">De anima.</subfield>
    </datafield>
    <datafield tag="600" ind1="1" ind2="4">
      <subfield code="a">Hippocrates.</subfield>
      <subfield code="t">Aphorismi.</subfield>
    </datafield>
    <datafield tag="655" ind1=" " ind2="7">
      <subfield code="a">Handschriften (vorm)</subfield>
      <subfield code="0">088143309</subfield>
      <subfield code="2">gtt</subfield>
    </datafield>
    <datafield tag="700" ind1="1" ind2="2">
      <subfield code="a">Ibn Māsawaih, Y¿±ı̀Æannā</subfield>
      <subfield code="q">(Ab¿± Zakar♯±yāʾ Y¿±ı̀Æannā),</subfield>
      <subfield code="d">ca. 777-857,</subfield>
      <subfield code="e">dubious author</subfield>
      <subfield code="4">dub</subfield>
      <subfield code="t">Antidotarium.</subfield>
      <subfield code="l">Latin.</subfield>
    </datafield>
    <datafield tag="700" ind1="0" ind2="2">
      <subfield code="a">Mesue Iunior,</subfield>
      <subfield code="e">attributed name</subfield>
      <subfield code="4">att</subfield>
      <subfield code="t">Antidotarium.</subfield>
      <subfield code="l">Latin.</subfield>
    </datafield>
    <datafield tag="700" ind1="0" ind2=" ">
      <subfield code="a">Johannes de Tornamira,</subfield>
      <subfield code="d">ca. 1329.</subfield>
      <subfield code="4">aut</subfield>
    </datafield>
    <datafield tag="700" ind1="0" ind2=" ">
      <subfield code="a">Gentile da Foligno.</subfield>
      <subfield code="4">aut</subfield>
    </datafield>
    <datafield tag="700" ind1="1" ind2=" ">
      <subfield code="a">Falcucci, Nicol©ø.</subfield>
      <subfield code="4">aut</subfield>
    </datafield>
    <datafield tag="700" ind1="1" ind2="2">
      <subfield code="a">Galenus, Claudius.</subfield>
      <subfield code="t">Ars parva.</subfield>
      <subfield code="l">Latin.</subfield>
      <subfield code="4">aut</subfield>
    </datafield>
    <datafield tag="700" ind1="0" ind2="2">
      <subfield code="a">Hippocrates.</subfield>
      <subfield code="t">Prognostica.</subfield>
      <subfield code="l">Latin.</subfield>
      <subfield code="4">aut</subfield>
    </datafield>
    <datafield tag="700" ind1="0" ind2="2">
      <subfield code="a">Hippocrates.</subfield>
      <subfield code="t">Aphorismi.</subfield>
      <subfield code="l">Latin.</subfield>
      <subfield code="4">aut</subfield>
    </datafield>
    <datafield tag="700" ind1="0" ind2="2">
      <subfield code="a">Hippocrates</subfield>
      <subfield code="t">De victus ratione in morbis acutis.</subfield>
      <subfield code="l">Latin.</subfield>
      <subfield code="4">aut</subfield>
    </datafield>
    <datafield tag="700" ind1="0" ind2=" ">
      <subfield code="a">Jacopo da Forl©Ơ.</subfield>
      <subfield code="4">at</subfield>
    </datafield>
    <datafield tag="710" ind1="2" ind2=" ">
      <subfield code="a">Benedictijner-Abdij van S. Paulus (Utrecht)</subfield>
      <subfield code="e">former owner.</subfield>
      <subfield code="4">fmo</subfield>
      <subfield code="5">NL-UtRU</subfield>
    </datafield>
    <datafield tag="740" ind1="0" ind2=" ">
      <subfield code="a">Liber Tegni, Latine, cum notis marginalibus.</subfield>
    </datafield>
    <datafield tag="740" ind1="0" ind2=" ">
      <subfield code="a">Remedia acutorum.</subfield>
    </datafield>
    <datafield tag="758" ind1=" " ind2=" ">
      <subfield code="a">Synonyma medica extracta e libro Simonis de Janua UBU Hs. 695 (Hs 4 D 4) (Text)</subfield>
      <subfield code="1">https://id.oclc.org/worldcat/entity/E39PCXQpCv7xXcvDV6dyBJQ7kC</subfield>
      <subfield code="4">https://id.oclc.org/worldcat/ontology/hasWork</subfield>
    </datafield>
    <datafield tag="856" ind1="4" ind2="1">
      <subfield code="u">http://objects.library.uu.nl/reader/resolver.php?obj=965420501&amp;type=3</subfield>
      <subfield code="x">Online</subfield>
      <subfield code="z">Full Text</subfield>
    </datafield>
    <datafield tag="856" ind1="4" ind2="2">
      <subfield code="u">http://www.summagallicana.it/lessico/m/Mesue%20il%20Giovane.htm</subfield>
      <subfield code="x">Online</subfield>
      <subfield code="z">Reference: Antidotarium</subfield>
    </datafield>
    <datafield tag="936" ind1=" " ind2=" ">
      <subfield code="a">BATCHLOAD</subfield>
    </datafield>
  </record>